000 00393nam a2200157Ia 4500
008 151213s9999 xx 000 0 und d
100 _aMD. Altaf Hossain
245 _aBangladesh Labour Code,2006
_cMD. Altaf Hossain
250 _a1st
260 _aDhaka
_bJolly Law Book Center
_c2008
300 _a5143 p.
650 _aLaw
650 _aLaw
700 _aMD. Altaf Hossain
999 _c3173
_d3173